Library Banner

Let us be Muslims / (Record no. 94934)

MARC details
000 -LEADER
fixed length control field 00423nam a22001577a 4500
005 - DATE AND TIME OF LATEST TRANSACTION
control field 20260430113500.0
008 - FIXED-LENGTH DATA ELEMENTS--GENERAL INFORMATION
fixed length control field 170712b xxu||||| |||| 00| 0 eng d
020 ## - INTERNATIONAL STANDARD BOOK NUMBER
International Standard Book Number 0860371573
040 ## - CATALOGING SOURCE
Transcribing agency PK-LaUMT
082 ## - DEWEY DECIMAL CLASSIFICATION NUMBER
Classification number ZIAC 297
Item number ABU-L
100 1# - MAIN ENTRY--PERSONAL NAME
Personal name Maududi, Syed Abul Ala
245 ## - TITLE STATEMENT
Title Let us be Muslims /
Statement of responsibility, etc Syed Abul Ala Maududi
260 ## - PUBLICATION, DISTRIBUTION, ETC. (IMPRINT)
Place of publication, distribution, etc London:
Name of publisher, distributor, etc The Islamic foundation,
Date of publication, distribution, etc 1985
300 ## - PHYSICAL DESCRIPTION
Extent 311 p.
942 ## - ADDED ENTRY ELEMENTS (KOHA)
Koha item type Books
Holdings
Withdrawn status Lost status Damaged status Home library Current library Date acquired Full call number Barcode Date last seen Price effective from Koha item type Copy number
      UMT Main Campus UMT Main Campus 2017-07-12 ZIAC 297 ABU-L 110694 2017-07-12 2017-07-12 Books  
      UMT Main Campus UMT Main Campus 2017-08-21 ZIAC 297 ABU-L 113109 2022-02-10 2017-08-21 Books c-2